| 000 | 00534nam a22001577a 4500 | ||
|---|---|---|---|
| 003 | NUST | ||
| 038 | _aNusrat Nadeem | ||
| 082 | _a200 | ||
| 100 |
_aSahi, Muhammad Umer _9130973 |
||
| 245 |
_aINTERNATIONAL BUSINESS TRIP ALINBAŞ UNIVERSITY AND TURKISH AEROSPACE INDUSTRIES, TÜRKIYE/ _cMuhammad Umer Sahi, |
||
| 264 |
_aIslamabad: _bNBS NUST. _c2025. |
||
| 650 |
_aExecutive MBA _9120079 |
||
| 700 |
_aSupervisor: Mr. Bilal Ahmed Chohan _9130974 |
||
| 856 | _uhttp://10.250.8.41:8080/xmlui/handle/123456789/55538 | ||
| 942 |
_2ddc _cSC |
||
| 999 |
_c615098 _d615098 |
||